000 00516nam a2200205 4500
003 OSt
005 20150616165506.0
008 121122t xxu||||| |||| 00| 0 eng d
020 _a0590463969
050 _aPZ 7
_b.St897 1992
082 _aKF
_bSt8h 1992
100 _aStrasser, Todd
_94377
245 _aHoney, I Blew Up the Kid /
_cTodd Strasser.
260 _aNew York
_bScholastic Inc.
_c1992
300 _a86 p. ;
_c19cm
562 _e1
700 _aStrasser, Todd
_94377
942 _2lcc
_cBK
999 _c1329
_d1329